000 00756nam a22002417a 4500
003 OSt
005 20260528090716.0
008 260528b ar ||||| |||| 00| 0 spa d
040 _aHCSPBA
041 _aspa
100 _aSalvat, Raymundo M.
245 _aTratado de derecho civil argentino :
_bObligaciones en general.
250 _a2a. ed. corr. y aum.
260 _aBuenos Aires.
_c1928.
_bJesús Menéndez.
300 _a v.
505 _aIndice
505 _aParte I. Formación, efectos y diversas clases de obligaciones
505 _aParte II. Extinción de las obligaciones
505 _aParte III. Transmisión de las obligaciones
505 _aParte IV. Leyes que rigen las obligaciones
650 _aDERECHO CIVIL
942 _cLIB
999 _c64994
_d134463